Statistics for NBA's Teams with the most Championships

Click here to take the quiz!

General Stats

  • This quiz has been taken 1,410 times
  • The average score is 14 of 18

Answer Stats

HintAnswer% Correct
16Los Angeles Lakers
100%
17Boston Celtics
99%
6Chicago Bulls
95%
3Golden State Warriors
93%
5San Antonio Spurs
92%
3Miami Heat
91%
3Detroit Pistons
84%
2Houston Rockets
83%
3Philadelphia 76ers
80%
1Dallas Mavericks
78%
2New York Knicks
77%
1Milwaukee Bucks
76%
1Atlanta Hawks
66%
1Oklahoma City Thunder
65%
1Sacramento Kings
63%
1Portland Trail Blazers
59%
1Washington Wizards
58%
1Baltimore Bullets
50%

Score Distribution

Percentile by Number Answered

Percent of People with Each Score

Your Score History

You have not taken this quiz